000 00466nam a2200181Ia 4500
008 220531s9999 xx 000 0 und d
041 _aeng
082 _bPAR / PAR
100 _aPardeshi, P. C. / Pardeshi, S. C.
_933227
245 _aMercantile And Industrial Law
250 _a1ST
260 _aBombay
_bSeth
_c1992
300 _a384
542 _d01-01-2010
650 _aMercatile Law
_933228
906 _d2009-2010
_d2014-2015
_f3698
999 _c20598
_d20598